Santons de Provence par image - Statistiques

Statistiques générales
  • Ce quiz a été pris 224 fois
  • Le résultat moyen est 13 sur 16
Statistiques - réponses
Par images Réponse % Correct
Âne
99%
Enfant Jésus
99%
Marie
99%
Poule
98%
Joseph
97%
Ange
96%
Dromadaire
96%
Mouton
94%
Boeuf
93%
Melchior
92%
Balthazar
88%
Gaspard
79%
Berger
71%
Homme ravi
44%
Pêcheur
43%
Homme aux poules
5%
Aucun quiz correspondant
Distribution des résultats
% des personnes avec chaque résultat
Percentile par nombre de réponses
Votre historique - résultats
Vous n’avez pas pris ce quiz